Statistics for Womanizer - Britney Spears - All Lyrics

Click here to take the quiz!

General Stats

  • This quiz has been taken 105 times
  • The average score is 470 of 563

Answer Stats

Answer% Correct
a
100%
oh
98%
oh,
98%
Oh,
98%
who
98%
Who
98%
woman
98%
Womanizer,
98%
womanizer)
98%
(Womanizer,
98%
(Womanizer)
98%
womanizer
98%
womanizer,
98%
(womanizer)
98%
You
98%
(You,
98%
you,
98%
You,
98%
you
98%
you)
98%
you-you
98%
I
97%
I-I
97%
Baby,
95%
baby
95%
your
95%
a-are
94%
are,
94%
are
94%
what
94%
you're
92%
You're
92%
know
91%
do
89%
Boy,
88%
got
88%
just,
85%
just
85%
don't
83%
don't,
83%
to
83%
try
83%
re-up
82%
can
80%
me,
80%
me
80%
but
76%
But
76%
It
76%
it,
76%
it
76%
the
76%
where
74%
goin',
73%
goin'?
73%
I'm
73%
no
73%
can't
71%
in
70%
not
70%
crazy,
68%
crazy
68%
how
68%
Superstar,
68%
we
68%
be
67%
nothin'
67%
say
67%
Say
67%
from?
65%
that
65%
at
64%
doin'
64%
for
64%
so
64%
Look
62%
when
62%
front,
61%
How's
61%
maybe
61%
Maybe
61%
Too
61%
too
61%
all
59%
clue
59%
never
59%
'cause
58%
charmin'
58%
could
58%
girl
58%
if
58%
like
58%
of
58%
see
58%
up
58%
right
56%
think
56%
and
55%
Daddy-o,
55%
different
55%
fall
53%
Lollipop,
53%
world
53%
both
52%
good
52%
would
52%
another
50%
bad
50%
champion
50%
gonna
50%
one,
50%
one
50%
strings
50%
companion
48%
more
48%
other
48%
call
47%
chicks
47%
find
47%
have
47%
than
47%
victim,
47%
with
47%
'em
45%
mistake
45%
play
45%
sucker
45%
here
44%
puppets
44%
that's
44%
lived
42%
must
42%
swagger
42%
their
42%
gettin'
41%
out
41%
many,
39%
wanna
39%
easy
38%
way,
38%
makes
36%
hard,
35%
Fakin'
33%
guess
33%
new
33%
brand
32%

Score Distribution

Percentile by Number Answered

Percent of People with Each Score

Your Score History

You have not taken this quiz